[Event "Ostravský koník 2014 - FIDE Open B"]
[Site "Ostrava, CZE"]
[Date "2014.05.04"]
[Round "9"]
[White "Kriebel, Rudolf"]
[Black "Brzezny, Petr"]
[Result "1-0"]
[WhiteElo "1889"]
[BlackElo "1618"]
[PlyCount "187"]

1. Nf3 Nf6 2. d4 d5 3. g3 Bf5 4. Bg2 e6 5. O-O c5 6. c4 Nbd7 7. Nc3 Be7 8. Qb3
Qb6 9. Qxb6 Nxb6 10. cxd5 Nbxd5 11. Nxd5 exd5 12. dxc5 Bxc5 13. b3 Rc8 14. Bb2
Be7 15. Rac1 O-O 16. Nd4 Bd7 17. Rxc8 Rxc8 18. Rc1 Rxc1+ 19. Bxc1 Ne4 20. Bb2
Bc5 21. e3 Kf8 22. Ne2 Be7 23. Nf4 Bc6 24. Bd4 a6 25. Ne2 Bb5 26. Nc3 Nxc3 27.
Bxc3 Bc6 28. Bd4 f6 29. Kf1 Bb4 30. Ke2 Ke8 31. Bh3 Bb5+ 32. Kd1 Ke7 33. Bf5 g6
34. Bc2 Bf1 35. Bb2 Bg2 36. Ke2 Be4 37. Bd1 Bf5 38. a3 Bc5 39. b4 Bd6 40. Bb3
Bg4+ 41. Kd2 Bf3 42. Bd4 a5 43. Kc3 axb4+ 44. axb4 Be5 45. Ba4 Be2 46. f4 Bc7
47. Bb3 Ke6 48. Bc2 b5 49. Kd2 Bc4 50. g4 f5 51. gxf5+ gxf5 52. Bc5 Bd8 53. Bd1
Bh4 54. Bc2 Bf6 55. Bd4 Be7 56. Bc3 Bh4 57. Kd1 Bf1 58. Be1 Be7 59. Bc3 Bc4 60.
Be1 Bf1 61. Bb3 Bc4 62. Bc2 Bf1 63. Kc1 Bc4 64. Bd1 Bf1 65. Kc2 Bc4 66. Bh5 Bf1
67. Bf3 Bc4 68. Bg2 Be2 69. Bc3 Bc4 70. Kd2 Bh4 71. Bg7 Be7 72. Kc3 Be2 73. Kd2
Bc4 74. Bc3 Bh4 75. h3 Be7 76. Kd1 Bh4 77. Be1 Be7 78. h4 Bd3 79. h5 Bc4 80.
Bc3 Bd3 81. Bf3 Bc4 82. Bg2 Bd3 83. Kd2 Bc4 84. Bh3 Bh4 85. Bd4 Be7 86. Kc3 Be2
87. h6 Bc4 88. Bg2 Bf8 89. Bg7 Be7 90. Bf3 Bd6 91. Bh5 Be7 92. Bg6 Bf6+ 93.
Bxf6 Kxf6 94. Bxh7 1-0

[Event "Ostravský koník 2014 - FIDE Open B"]
[Site "Ostrava, CZE"]
[Date "2014.05.04"]
[Round "9"]
[White "Týn, Marek"]
[Black "Cech, Jan"]
[Result "1/2-1/2"]
[WhiteElo "1878"]
[BlackElo "1615"]
[PlyCount "87"]

1. e4 d5 2. exd5 Qxd5 3. Nc3 Qd6 4. d4 Nf6 5. Nf3 a6 6. g3 b5 7. Bg2 Bb7 8. O-O
e6 9. Re1 Be7 10. Bf4 Qb6 11. a4 b4 12. a5 Qc6 13. Nh4 Qc4 14. b3 Qxc3 15. Bxb7
Ra7 16. Re3 Qxa1 17. Qxa1 Rxb7 18. Qa4+ Kd8 19. c4 bxc3 20. Bg5 Nd5 21. Bxe7+
Kxe7 22. Re1 Rb4 23. Qa3 Nc6 24. Nf5+ Kd7 25. Ne3 Nce7 26. Rc1 Rhb8 27. Nc4 Nc6
28. Kg2 f6 29. Qa2 Nxd4 30. Ne3 Rxb3 31. Nxd5 exd5 32. Qa4+ Nc6 33. Qg4+ Kd6
34. Qxg7 d4 35. Qxf6+ Kc5 36. Qf5+ Kd6 37. Re1 Nd8 38. Re8 R3b5 39. Qf6+ Kc5
40. Qe5+ Kc4 41. Qe2+ Kb3 42. Qd1+ Kc4 43. Qe2+ Kb3 44. Qd1+ 1/2-1/2

[Event "Ostravský koník 2014 - FIDE Open B"]
[Site "Ostrava, CZE"]
[Date "2014.05.04"]
[Round "9"]
[White "Müller, Leo"]
[Black "Klecka, Ivo"]
[Result "1/2-1/2"]
[WhiteElo "1873"]
[BlackElo "1756"]
[PlyCount "77"]

1. c4 c5 2. Nc3 Nc6 3. g3 g6 4. Bg2 Bg7 5. e3 d6 6. Nge2 Bd7 7. d4 cxd4 8. exd4
Nf6 9. O-O O-O 10. a3 Bf5 11. b4 Qc8 12. Be3 Rd8 13. Rc1 Bh3 14. Nd5 Bxg2 15.
Kxg2 e6 16. Ndf4 Ne7 17. Nh3 Nf5 18. Qd3 Qc6+ 19. f3 Nxe3+ 20. Qxe3 Rac8 21.
Kg1 Qd7 22. Nhf4 Re8 23. Rfd1 Qa4 24. Qd3 Nd7 25. Rc2 Qc6 26. h4 b5 27. c5 e5
28. d5 Qc7 29. c6 exf4 30. cxd7 Qxd7 31. Rxc8 Rxc8 32. Nxf4 Rc3 33. Qe4 Be5 34.
Ne2 Rxa3 35. f4 Ra1 36. Rxa1 Bxa1 37. Qc2 Qe7 38. Kf2 Bg7 39. Qc6 1/2-1/2

[Event "Ostravský koník 2014 - FIDE Open B"]
[Site "Ostrava, CZE"]
[Date "2014.05.04"]
[Round "9"]
[White "Srámek, Vojtech"]
[Black "Hurta, Jirí"]
[Result "0-1"]
[WhiteElo "1580"]
[BlackElo "1844"]
[PlyCount "52"]

1. e4 e6 2. d4 d5 3. exd5 exd5 4. Bd3 Bd6 5. Nf3 Ne7 6. Bg5 f6 7. Be3 Nf5 8.
O-O Nxe3 9. fxe3 Nc6 10. c3 Bg4 11. e4 dxe4 12. Bxe4 Qd7 13. Nbd2 O-O-O 14. b4
Rde8 15. a4 Bf4 16. Qc2 g5 17. a5 Ne7 18. b5 Nd5 19. Qb3 Be6 20. c4 Ne3 21.
Rfb1 g4 22. b6 cxb6 23. axb6 a6 24. d5 gxf3 25. Qb4 Bf5 26. Bxf5 Qxf5 0-1

[Event "Ostravský koník 2014 - FIDE Open B"]
[Site "Ostrava, CZE"]
[Date "2014.05.04"]
[Round "9"]
[White "Halacz, Martin"]
[Black "Novák, Borivoj"]
[Result "1-0"]
[WhiteElo "1000"]
[BlackElo "1844"]
[PlyCount "125"]

1. e4 c5 2. f4 Nc6 3. Nc3 d6 4. Nf3 Bg4 5. Bc4 e6 6. d3 g6 7. Be3 Bg7 8. O-O
Nge7 9. h3 Bxf3 10. Qxf3 O-O 11. Ne2 a6 12. a4 Na5 13. Rab1 Qd7 14. c3 Nxc4 15.
dxc4 Qxa4 16. e5 Nf5 17. exd6 Qxc4 18. b3 Qb5 19. c4 Qa5 20. Rfd1 Rfd8 21. b4
cxb4 22. c5 Rac8 23. Bf2 Qb5 24. g4 Rxc5 25. gxf5 Rxf5 26. Nd4 Bxd4 27. Rxd4 a5
28. Rc1 e5 29. Rd5 Rxf4 30. Rxb5 Rxf3 31. Rd1 Rd7 32. Rxe5 Kf8 33. Bc5 Rc3 34.
Re7 Rd8 35. Rc7 b6 36. Bxb6 Rxc7 37. Bxc7 Rd7 38. Bxa5 b3 39. Bc3 f5 40. Ba5
Kf7 41. Bc7 g5 42. Rb1 h5 43. Rxb3 f4 44. Rb5 Kf6 45. Rd5 f3 46. Kf2 Kg6 47.
Kxf3 Rf7+ 48. Ke4 Rd7 49. Rf5 h4 50. Ke5 g4 51. hxg4 h3 52. Rh5 Rh7 53. Rxh3
Rxh3 54. d7 Rh8 55. d8=Q Rxd8 56. Bxd8 Kf7 57. Kf5 Kg7 58. Bf6+ Kh6 59. Bd4 Kh7
60. Kf6 Kh6 61. g5+ Kh7 62. Be5 Kg8 63. Kg6 1-0

[Event "Ostravský koník 2014 - FIDE Open B"]
[Site "Ostrava, CZE"]
[Date "2014.05.04"]
[Round "9"]
[White "Sobek, Martin"]
[Black "Gresová, Zuzana"]
[Result "1/2-1/2"]
[WhiteElo "1946"]
[BlackElo "1550"]
[PlyCount "104"]

1. e4 c5 2. Nf3 e6 3. d4 cxd4 4. Nxd4 Nf6 5. Nc3 Nc6 6. Be3 Bb4 7. Bd3 d5 8.
exd5 Nxd5 9. Nxc6 bxc6 10. Bd2 Qf6 11. Nxd5 Bxd2+ 12. Qxd2 cxd5 13. Bb5+ Bd7
14. Bxd7+ Kxd7 15. O-O Rhc8 16. c3 Rab8 17. f4 Qf5 18. Qd4 Rxb2 19. Qxa7+ Kc6
20. Qa6+ Kc7 21. Qa7+ Rb7 22. Qc5+ Kd7 23. Qd4 Rbc7 24. Qxg7 Rxc3 25. Rab1 Qg6
26. Qd4 Rc2 27. Rb7+ R8c7 28. Qa4+ Ke7 29. Rxc7+ Rxc7 30. f5 Qg5 31. Qb4+ Kf6
32. Qd4+ Ke7 33. Qe5 Kd8 34. Qd6+ Kc8 35. Qa6+ Kd8 36. Qa8+ Ke7 37. Qa3+ Kf6
38. Qb2+ Ke7 39. Qb4+ Kf6 40. fxe6+ Kg7 41. Qd4+ f6 42. h4 Qh6 43. Re1 Rc1 44.
Rxc1 Qxc1+ 45. Kh2 Qc7+ 46. Kh3 Qd6 47. a4 h5 48. Qa7+ Kh6 49. Qf7 Qf4 50. Qg8
Qf5+ 51. Kh2 Qe5+ 52. Kh3 Qf5+ 1/2-1/2

[Event "Ostravský koník 2014 - FIDE Open B"]
[Site "Ostrava, CZE"]
[Date "2014.05.04"]
[Round "9"]
[White "Lamser, Tomás"]
[Black "Nytra, Ondrej"]
[Result "1-0"]
[WhiteElo "1941"]
[BlackElo "1452"]
[PlyCount "75"]

1. Nf3 d5 2. g3 Nc6 3. Bg2 e5 4. d3 Nf6 5. O-O Bc5 6. c4 dxc4 7. dxc4 Be6 8.
Qa4 O-O 9. Nc3 a5 10. Bg5 Ra6 11. Ne4 Be7 12. Rfd1 Bd7 13. Qc2 Nb4 14. Qb1 Nxe4
15. Qxe4 Bxg5 16. Nxg5 Rg6 17. Nf3 f6 18. Qxb7 Nc6 19. Bh3 f5 20. Nxe5 Nxe5 21.
Qd5+ Re6 22. f4 Qb8 23. fxe5 Qa7+ 24. c5 Bc8 25. e4 Kh8 26. Bxf5 Ree8 27. Bxc8
Rxc8 28. e6 c6 29. Qd6 h6 30. Rf1 Rfd8 31. Qe5 Rc7 32. Rf2 Re7 33. Raf1 Kg8 34.
Rf7 Rxf7 35. Rxf7 Rd1+ 36. Kg2 Qxf7 37. exf7+ Kxf7 38. Qh5+ 1-0

[Event "Ostravský koník 2014 - FIDE Open B"]
[Site "Ostrava, CZE"]
[Date "2014.05.04"]
[Round "9"]
[White "Chlebek, Jan"]
[Black "Mikulencák, Jan"]
[Result "0-1"]
[WhiteElo "1543"]
[BlackElo "1834"]
[PlyCount "54"]

1. e4 e5 2. Nf3 Nf6 3. d4 Nxe4 4. Bd3 d5 5. Bxe4 dxe4 6. Nxe5 Be7 7. O-O O-O 8.
Nc3 b6 9. Nc4 f5 10. Ne5 Bf6 11. Bf4 g5 12. Bg3 f4 13. Nxe4 Bxe5 14. dxe5 fxg3
15. fxg3 Rxf1+ 16. Kxf1 Bd7 17. Nf6+ Kg7 18. Qh5 Bb5+ 19. Ke1 h6 20. Ng4 Qh8
21. Ne3 Qf8 22. Qg4 Nc6 23. c4 Qb4+ 24. Kf1 Rf8+ 25. Kg1 Qc5 26. Re1 Nxe5 27.
Qe6 Bxc4 0-1

[Event "Ostravský koník 2014 - FIDE Open B"]
[Site "Ostrava, CZE"]
[Date "2014.05.04"]
[Round "9"]
[White "Bartos, Michal"]
[Black "Badacová, Irena"]
[Result "1-0"]
[WhiteElo "1960"]
[BlackElo "1818"]
[PlyCount "83"]

1. e4 d5 2. Nf3 dxe4 3. Ng5 Nf6 4. Bc4 e6 5. Nc3 Qd4 6. Qe2 Be7 7. Ngxe4 O-O 8.
d3 Nc6 9. a3 a6 10. Be3 Qd8 11. b4 b5 12. Ba2 Nd4 13. Bxd4 Qxd4 14. O-O Bb7 15.
Rab1 Rad8 16. Nxf6+ Qxf6 17. Ne4 Qg6 18. f3 Rd7 19. Ng3 Rfd8 20. Rbe1 Kf8 21.
f4 Bh4 22. Qf2 Qf6 23. Re5 g6 24. Qe2 Bxg3 25. hxg3 Bd5 26. Bxd5 Rxd5 27. Rf3
Rxe5 28. fxe5 Qg5 29. Rf4 Rd5 30. Qf3 Qe7 31. d4 c6 32. c3 Kg7 33. g4 g5 34.
Rf6 a5 35. Qh3 axb4 36. axb4 Qf8 37. Qh6+ Kg8 38. Qxg5+ Qg7 39. Qf4 Rd7 40. Rh6
Ra7 41. Rh5 Kh8 42. Rg5 1-0

[Event "Ostravský koník 2014 - FIDE Open B"]
[Site "Ostrava, CZE"]
[Date "2014.05.04"]
[Round "9"]
[White "Mejzr, Jan"]
[Black "Nguyen, Thai Dai Vinh"]
[Result "1-0"]
[WhiteElo "1798"]
[BlackElo "1451"]
[PlyCount "71"]

1. d4 d5 2. Nf3 Nf6 3. e3 e6 4. c4 c6 5. Qc2 Bd6 6. Bd3 O-O 7. O-O Nbd7 8. Nbd2
e5 9. dxe5 Nxe5 10. Nxe5 Bxe5 11. Bf5 Qc7 12. h3 Bh2+ 13. Kh1 Bd6 14. b3 Be5
15. Rb1 Re8 16. Bxc8 Raxc8 17. Qf5 Rcd8 18. Nf3 Qd7 19. Qxd7 Rxd7 20. Nxe5 Rxe5
21. Bb2 Re6 22. Rbd1 Red6 23. Ba3 Re6 24. Rd3 dxc4 25. Rxd7 Nxd7 26. Rd1 Nf6
27. bxc4 h6 28. Kg1 Ne4 29. Rd8+ Kh7 30. Rd7 Rf6 31. f3 Nc3 32. Bb2 Ne2+ 33.
Kf2 Re6 34. Kxe2 f5 35. Rxg7+ Kh8 36. Re7+ 1-0

[Event "Ostravský koník 2014 - FIDE Open B"]
[Site "Ostrava, CZE"]
[Date "2014.05.04"]
[Round "9"]
[White "Ramian, Zdenek"]
[Black "Skrle, Vladimír"]
[Result "0-1"]
[WhiteElo "1775"]
[BlackElo "1830"]
[PlyCount "72"]

1. d4 d5 2. Nf3 Nf6 3. c4 dxc4 4. e3 e6 5. Bxc4 a6 6. Nc3 b5 7. Bd3 Bb7 8. O-O
c5 9. b3 Nbd7 10. Bb2 cxd4 11. Nxd4 g6 12. Be2 e5 13. Nf3 Be7 14. h3 O-O 15.
Nh2 Re8 16. Bf3 e4 17. Be2 Bf8 18. Ng4 Bg7 19. Qd2 Qb6 20. Rfd1 Rad8 21. Qe1
Nxg4 22. Bxg4 Ne5 23. Be2 Nd3 24. Bxd3 exd3 25. Rd2 Re6 26. Nd1 Red6 27. Bxg7
Kxg7 28. Nb2 Qc6 29. Qf1 Rd5 30. e4 Rg5 31. f3 Bc8 32. Rc1 Qf6 33. Rxd3 Rxd3
34. Nxd3 Bxh3 35. Rc2 Qd4+ 36. Qf2 Rxg2+ 0-1

[Event "Ostravský koník 2014 - FIDE Open B"]
[Site "Ostrava, CZE"]
[Date "2014.05.04"]
[Round "9"]
[White "Hanák, Tomás"]
[Black "Crha, Bretislav"]
[Result "1-0"]
[WhiteElo "1757"]
[BlackElo "1799"]
[PlyCount "67"]

1. e4 d5 2. exd5 Qxd5 3. Nc3 Qa5 4. d4 c6 5. Nf3 Bg4 6. Bd3 Nf6 7. O-O e6 8. h3
Bh5 9. Bf4 Be7 10. Re1 O-O 11. g4 Bg6 12. Ne5 Bb4 13. Bxg6 hxg6 14. Qf3 Bxc3
15. bxc3 Nbd7 16. c4 Nxe5 17. Bxe5 Nh7 18. h4 Qd2 19. Rab1 b6 20. Re2 Qa5 21.
c3 Rad8 22. g5 Qa6 23. Qxc6 Rc8 24. Bc7 Qa3 25. d5 Qxc3 26. d6 Qd4 27. Re4 Qd3
28. Rbe1 Rfd8 29. Qb7 Rf8 30. Qxa7 Ra8 31. Qxb6 Rxa2 32. Qd4 Qc2 33. d7 e5 34.
Rxe5 1-0

[Event "Ostravský koník 2014 - FIDE Open B"]
[Site "Ostrava, CZE"]
[Date "2014.05.04"]
[Round "9"]
[White "Safarík, Roman"]
[Black "Vinklárek, Robert"]
[Result "1-0"]
[WhiteElo "1739"]
[BlackElo "1752"]
[PlyCount "85"]

1. d4 d5 2. c4 e6 3. Nf3 c6 4. b3 Bb4+ 5. Bd2 Qa5 6. Bxb4 Qxb4+ 7. Qd2 Na6 8.
e3 Qxd2+ 9. Kxd2 Nc7 10. Nc3 Nf6 11. Ne5 Nd7 12. f4 f6 13. Nf3 O-O 14. cxd5
exd5 15. g4 Nb6 16. f5 g6 17. Bd3 gxf5 18. gxf5 Bd7 19. Rag1+ Kh8 20. Rg3 Rg8
21. Rhg1 Rxg3 22. hxg3 Kg7 23. g4 h6 24. Ne2 Rh8 25. Ng3 Kf7 26. Nh4 Nc8 27.
Ng6 Rh7 28. Rh1 Nd6 29. e4 dxe4 30. Bxe4 Nd5 31. Rd1 Nc8 32. Bd3 Kg8 33. Bc4 b5
34. Bxd5+ cxd5 35. Rc1 Nb6 36. Nh5 Rf7 37. Rc7 Be8 38. Ne7+ Kf8 39. Ng6+ Kg8
40. Rc1 a5 41. Ngf4 Rf8 42. Rc5 Bxh5 43. Nxh5 1-0

[Event "Ostravský koník 2014 - FIDE Open B"]
[Site "Ostrava, CZE"]
[Date "2014.05.04"]
[Round "9"]
[White "Rychtecký, Pavel"]
[Black "Pindjak, Michal"]
[Result "1-0"]
[WhiteElo "1717"]
[BlackElo "1766"]
[PlyCount "85"]

1. d4 d5 2. Bf4 Nf6 3. Nf3 e6 4. e3 Bd6 5. Ne5 Nbd7 6. Bd3 g6 7. h3 Nh5 8. O-O
Nxf4 9. exf4 Qh4 10. Qg4 Qxg4 11. hxg4 f6 12. Nxd7 Bxd7 13. g3 O-O-O 14. Nd2 f5
15. g5 h5 16. gxh6 Rxh6 17. Kg2 c5 18. dxc5 Bxc5 19. Rh1 Rdh8 20. Rxh6 Rxh6 21.
Nf3 Bd6 22. Re1 Rh8 23. Nd4 Re8 24. Nf3 Kc7 25. Nh4 Rg8 26. Nf3 Re8 27. Re2 Bc6
28. Nd4 Kd7 29. c3 Bc5 30. Nxc6 bxc6 31. b4 Bb6 32. c4 Re7 33. a4 Bd8 34. c5
Bc7 35. b5 e5 36. fxe5 Rxe5 37. Rb2 Re8 38. b6 axb6 39. cxb6 Rb8 40. a5 Be5 41.
a6 Bxb2 42. a7 Be5 43. b7 1-0

[Event "Ostravský koník 2014 - FIDE Open B"]
[Site "Ostrava, CZE"]
[Date "2014.05.04"]
[Round "9"]
[White "Sumsal, Václav"]
[Black "Kocí, Tomás"]
[Result "1-0"]
[WhiteElo "1657"]
[BlackElo "1710"]
[PlyCount "59"]

1. d4 d5 2. Bf4 c6 3. c3 Nf6 4. h3 e6 5. Nd2 Bd6 6. e3 Qc7 7. Bxd6 Qxd6 8. Ngf3
Nbd7 9. Bd3 O-O 10. O-O h6 11. Re1 Re8 12. Qc2 e5 13. Bf5 e4 14. Bxd7 Nxd7 15.
Nh2 Qg6 16. Kh1 Nf6 17. c4 Bd7 18. b4 b5 19. cxb5 cxb5 20. Rec1 Rac8 21. Qd1
Qf5 22. Kg1 Qe6 23. Nb3 Qd6 24. Nc5 Be6 25. Nf1 Nd7 26. a4 Nxc5 27. bxc5 Qc6
28. axb5 Qxb5 29. Rxa7 Bd7 30. Rb1 1-0

[Event "Ostravský koník 2014 - FIDE Open B"]
[Site "Ostrava, CZE"]
[Date "2014.05.04"]
[Round "9"]
[White "Filip, Tomás"]
[Black "Repák, Jan"]
[Result "1-0"]
[WhiteElo "1608"]
[BlackElo "1679"]
[PlyCount "57"]

1. e4 c5 2. c3 Nf6 3. e5 Nd5 4. d4 cxd4 5. Nf3 Nc6 6. cxd4 e6 7. Bc4 Nb6 8. Bb3
d5 9. O-O Be7 10. Nc3 a6 11. Qe2 Bd7 12. Bf4 h6 13. Rac1 Qc7 14. h3 O-O-O 15.
Bc2 f5 16. exf6 Qxf4 17. fxe7 Rde8 18. Bd3 Kb8 19. Rfd1 Rxe7 20. a3 Ka7 21. b4
g5 22. b5 Nxd4 23. Nxd4 Qxd4 24. bxa6 Qf6 25. Qb2 Qf4 26. axb7 Rf8 27. Rb1 Nc4
28. Bxc4 Qxc4 29. b8=Q+ 1-0

[Event "Ostravský koník 2014 - FIDE Open B"]
[Site "Ostrava, CZE"]
[Date "2014.05.04"]
[Round "9"]
[White "Kaplita, Ladislav"]
[Black "Stonavský, Filip"]
[Result "0-1"]
[WhiteElo "1678"]
[BlackElo "1558"]
[PlyCount "72"]

1. e4 c5 2. Nf3 d6 3. Bc4 e6 4. Nc3 Nc6 5. a3 a6 6. d3 b5 7. Ba2 Bb7 8. O-O Be7
9. d4 cxd4 10. Nxd4 Nf6 11. Bxe6 Nxd4 12. Bxf7+ Kxf7 13. Qxd4 Rf8 14. Bg5 h6
15. Bh4 Kg8 16. Rad1 Ne8 17. Bxe7 Qxe7 18. f3 Qg5 19. Qb6 Qc5+ 20. Qxc5 dxc5
21. Nd5 Bxd5 22. Rxd5 c4 23. b3 Nf6 24. Rd6 Rfd8 25. Rfd1 Rxd6 26. Rxd6 cxb3
27. cxb3 Kf7 28. e5 Ne8 29. Rb6 Ke7 30. a4 bxa4 31. bxa4 a5 32. Kf2 Nc7 33. Rc6
Ra7 34. Kg3 Ne6 35. h4 Rd7 36. Ra6 Rd5 0-1

[Event "Ostravský koník 2014 - FIDE Open B"]
[Site "Ostrava, CZE"]
[Date "2014.05.04"]
[Round "9"]
[White "Mica, Marek"]
[Black "Románek, Zdenek"]
[Result "1-0"]
[WhiteElo "1369"]
[BlackElo "1671"]
[PlyCount "57"]

1. d4 d5 2. c4 e6 3. Nc3 Nf6 4. Nf3 Be7 5. Bg5 O-O 6. e3 c6 7. Bd3 dxc4 8. Bxc4
b5 9. Bd3 Ba6 10. a3 b4 11. axb4 Bxd3 12. Qxd3 Bxb4 13. O-O c5 14. Qc4 Nbd7 15.
dxc5 Bxc5 16. Rfd1 Qc8 17. Ra5 Bb6 18. Qxc8 Rfxc8 19. Raa1 Rc6 20. Nd4 Rc5 21.
Bxf6 Nxf6 22. Na4 Rcc8 23. Nxb6 axb6 24. g3 Rab8 25. Rdc1 h5 26. Nc6 Kh7 27.
Nxb8 Rxb8 28. Rc7 Rf8 29. Rb7 1-0

[Event "Ostravský koník 2014 - FIDE Open B"]
[Site "Ostrava, CZE"]
[Date "2014.05.04"]
[Round "9"]
[White "Krejcok, Tobiás"]
[Black "Laurincová, Kristýna"]
[Result "0-1"]
[WhiteElo "1314"]
[BlackElo "1584"]
[PlyCount "70"]

1. e4 c5 2. Nf3 d6 3. d4 cxd4 4. Nxd4 Nf6 5. Nc3 g6 6. Be3 Bg7 7. Bd3 O-O 8.
O-O Nbd7 9. f4 Nc5 10. f5 a6 11. Rf3 Qc7 12. Rg3 b5 13. a3 Bb7 14. fxg6 fxg6
15. b4 e5 16. Ndxb5 axb5 17. Nxb5 Qc6 18. Bc4+ Kh8 19. Qxd6 Ncxe4 20. Qxc6 Bxc6
21. Rh3 Bxb5 22. Bxb5 Nc3 23. Bc4 Nfe4 24. Bd3 Rad8 25. Rh4 Nd6 26. Bxg6 e4 27.
Bxh7 Ne2+ 28. Kh1 Bxa1 29. Bxe4+ Kg7 30. Bh6+ Kg8 31. Rg4+ Kh8 32. Bxf8 Nxe4
33. g3 Nf2+ 34. Kg2 Nxg4 35. Kf3 Rxf8+ 0-1

[Event "Ostravský koník 2014 - FIDE Open B"]
[Site "Ostrava, CZE"]
[Date "2014.05.04"]
[Round "9"]
[White "Bohanesová, Vendula"]
[Black "Kosár, Attila"]
[Result "1-0"]
[WhiteElo "1652"]
[BlackElo "1831"]
[PlyCount "89"]

1. d4 d5 2. Nc3 Nf6 3. Bg5 e6 4. Nf3 Be7 5. e3 Nc6 6. Bd3 h6 7. Bh4 Bd7 8. O-O
O-O 9. Ne5 Nh7 10. Bxe7 Qxe7 11. f4 a6 12. a3 Nxe5 13. dxe5 f6 14. Qg4 f5 15.
Qf3 c6 16. Ne2 Be8 17. c4 Kh8 18. cxd5 cxd5 19. Rac1 Bf7 20. Rc3 Rfc8 21. Rfc1
Rxc3 22. Rxc3 Qd8 23. Nd4 Rc8 24. Rxc8 Qxc8 25. Qd1 Nf8 26. Qc2 Qd7 27. Qc5 Kg8
28. h3 Qd8 29. g3 Qd7 30. Bc2 Be8 31. b4 Kf7 32. Kf2 Ng6 33. g4 Qe7 34. Qxe7+
Kxe7 35. gxf5 Nf8 36. fxe6 Nxe6 37. f5 Nc7 38. Kf3 Kf7 39. Kf4 Ke7 40. e4 dxe4
41. Bxe4 b6 42. h4 Kf7 43. Nc6 Kf8 44. e6 Bxc6 45. Bxc6 1-0

[Event "Ostravský koník 2014 - FIDE Open B"]
[Site "Ostrava, CZE"]
[Date "2014.05.04"]
[Round "9"]
[White "Cubok, Milan"]
[Black "Haska, Filip"]
[Result "1-0"]
[WhiteElo "1824"]
[BlackElo "1380"]
[PlyCount "29"]

1. d4 d5 2. c4 c6 3. e3 Nf6 4. Nc3 Bf5 5. Qb3 Qd7 6. Nf3 e6 7. cxd5 cxd5 8. Ne5
Qc8 9. Bd2 Bd6 10. Rc1 Nc6 11. Nb5 Ne4 12. f3 Nxd2 13. Nxd6+ Kf8 14. Kxd2 Qb8
15. Nd7+ 1-0

[Event "Ostravský koník 2014 - FIDE Open B"]
[Site "Ostrava, CZE"]
[Date "2014.05.04"]
[Round "9"]
[White "Ocko, Dominik"]
[Black "Berka, Lubos"]
[Result "1/2-1/2"]
[WhiteElo "1480"]
[BlackElo "1793"]
[PlyCount "118"]

1. d4 Nf6 2. Nc3 g6 3. e4 d6 4. Nf3 Bg7 5. Bc4 O-O 6. O-O a6 7. Re1 b5 8. Bb3
e6 9. Bg5 Qe8 10. a3 Bb7 11. Qd3 h6 12. Be3 Nbd7 13. Rad1 Rd8 14. Bc1 c5 15.
Qe2 c4 16. Ba2 Nb6 17. b3 Rc8 18. Bb2 Nfd7 19. Nh4 g5 20. Nf3 f6 21. h3 Qf7 22.
Nd2 d5 23. exd5 exd5 24. Qe6 Qxe6 25. Rxe6 Rce8 26. Rde1 Rxe6 27. Rxe6 Kf7 28.
Re3 f5 29. Ne2 Nf6 30. g3 Nc8 31. f3 Nd6 32. c3 Nh5 33. f4 g4 34. h4 Nf6 35. b4
Nfe4 36. Nxe4 fxe4 37. Kf2 Nf5 38. Nc1 Nxe3 39. Kxe3 Ra8 40. Bb1 Bf8 41. Na2
Bc6 42. Bc2 Kg6 43. Kd2 Kh5 44. Ke3 Be7 45. Bc1 Bd7 46. Kf2 Bxh4 47. gxh4 Kxh4
48. Bd1 Kh3 49. Kg1 h5 50. Kh1 Rf8 51. Be3 h4 52. Nc1 g3 53. Be2 g2+ 54. Kg1
Bg4 55. Bd2 Rg8 56. Be1 Bxe2 57. Nxe2 Rg6 58. Bd2 e3 59. Be1 Rg7 1/2-1/2

[Event "Ostravský koník 2014 - FIDE Open B"]
[Site "Ostrava, CZE"]
[Date "2014.05.04"]
[Round "9"]
[White "Petrov, Nikolaj"]
[Black "Simon, David"]
[Result "1-0"]
[WhiteElo "1777"]
[BlackElo "1250"]
[PlyCount "51"]

1. Nf3 c5 2. c4 d6 3. Nc3 Nc6 4. g3 g6 5. Bg2 Nf6 6. d4 cxd4 7. Nxd4 Nxd4 8.
Qxd4 Bg7 9. O-O O-O 10. Rd1 Qc7 11. Qh4 Nh5 12. Nd5 Qd7 13. Nxe7+ Kh8 14. Nxc8
Raxc8 15. Qe4 b6 16. Rb1 Rfe8 17. Qd3 Rcd8 18. b3 a6 19. Ba3 Bf8 20. e4 f6 21.
Qd4 Kg8 22. Qxb6 Re6 23. c5 d5 24. Qb4 Re5 25. exd5 f5 26. Qc4 1-0

[Event "Ostravský koník 2014 - FIDE Open B"]
[Site "Ostrava, CZE"]
[Date "2014.05.04"]
[Round "9"]
[White "Zizka, Radim"]
[Black "Opela, Radek"]
[Result "1-0"]
[WhiteElo "1687"]
[BlackElo "1329"]
[PlyCount "117"]

1. e4 c5 2. Nc3 e6 3. f4 d5 4. exd5 exd5 5. Bb5+ Bd7 6. Qe2+ Qe7 7. Bxd7+ Nxd7
8. Nxd5 Qxe2+ 9. Nxe2 Bd6 10. O-O Ngf6 11. Nec3 O-O 12. d3 Rfe8 13. Bd2 Nxd5
14. Nxd5 Re2 15. Rf2 Rae8 16. Kf1 R2e6 17. Re1 Rxe1+ 18. Bxe1 Re6 19. Bd2 Nf6
20. f5 Re8 21. Nxf6+ gxf6 22. Bf4 Be5 23. c3 Rd8 24. Ke2 b5 25. Bxe5 fxe5 26.
Ke3 f6 27. Rd2 Kf7 28. d4 exd4+ 29. cxd4 Re8+ 30. Kf3 cxd4 31. Rxd4 Re5 32. g4
h5 33. h3 hxg4+ 34. hxg4 a5 35. Rd2 b4 36. b3 Re1 37. Rd7+ Ke8 38. Ra7 Re5 39.
Kf4 Rd5 40. Ke4 Re5+ 41. Kd4 Kd8 42. Rf7 Re2 43. Rxf6 Rxa2 44. Re6 Rg2 45. Re4
a4 46. bxa4 b3 47. Kc3 b2 48. Rb4 b1=Q 49. Rxb1 Rxg4 50. Rb4 Rg7 51. Re4 Kc7
52. Kd4 Kd6 53. Re6+ Kd7 54. Ke5 Rg1 55. Rd6+ Ke7 56. f6+ Ke8 57. Rd4 Rg5+ 58.
Ke6 Rg1 59. f7+ 1-0

[Event "Ostravský koník 2014 - FIDE Open B"]
[Site "Ostrava, CZE"]
[Date "2014.05.04"]
[Round "9"]
[White "Alexandr, Petr"]
[Black "Balon, René"]
[Result "0-1"]
[WhiteElo "1666"]
[BlackElo "1759"]
[PlyCount "56"]

1. b4 d5 2. Bb2 Bf5 3. e3 e6 4. Nf3 Nf6 5. b5 Be7 6. Be2 c6 7. c4 O-O 8. O-O
dxc4 9. Bxc4 cxb5 10. Bxb5 Qb6 11. Qb3 a6 12. Bc4 Qxb3 13. Bxb3 Nc6 14. Nd4
Nxd4 15. Bxd4 Bd3 16. Rc1 Rac8 17. Rxc8 Rxc8 18. Nc3 Nd7 19. Nd1 Bb4 20. Bc3
Bxc3 21. Nxc3 Nc5 22. Bd1 b5 23. Be2 b4 24. Rc1 bxc3 25. Rxc3 Bxe2 26. f3 Bd3
27. Kf2 Bb5 28. Ke1 Nd3+ 0-1

[Event "Ostravský koník 2014 - FIDE Open B"]
[Site "Ostrava, CZE"]
[Date "2014.05.04"]
[Round "9"]
[White "Szotkowski, David"]
[Black "Sikora, Matous"]
[Result "1/2-1/2"]
[WhiteElo "1300"]
[BlackElo "1661"]
[PlyCount "51"]

1. e4 e5 2. Nf3 Nc6 3. Bc4 Bc5 4. c3 Nf6 5. d4 exd4 6. e5 d5 7. Bb5 Ne4 8. cxd4
Bb4+ 9. Bd2 Bxd2+ 10. Nbxd2 Nxd2 11. Qxd2 O-O 12. O-O Ne7 13. Bd3 Bf5 14. Ne1
Qd7 15. f4 h5 16. Nc2 c6 17. Ne3 g6 18. Rf3 Kg7 19. Rg3 f6 20. Rf1 fxe5 21.
fxe5 Bxd3 22. Qxd3 Rxf1+ 23. Qxf1 Rf8 24. Rf3 Rxf3 25. Qxf3 Qe6 26. b3 1/2-1/2

[Event "Ostravský koník 2014 - FIDE Open B"]
[Site "Ostrava, CZE"]
[Date "2014.05.04"]
[Round "9"]
[White "Hotárek, Jaroslav"]
[Black "Veselský, Jan"]
[Result "0-1"]
[WhiteElo "1668"]
[BlackElo "1655"]
[PlyCount "26"]

1. e4 c6 2. d4 d5 3. e5 Bf5 4. Bd3 Bxd3 5. Qxd3 e6 6. Nf3 c5 7. dxc5 Bxc5 8.
Qb5+ Nd7 9. Qxb7 Rc8 10. O-O Bb6 11. Bg5 Ne7 12. Bxe7 Kxe7 13. Qa6 Rxc2 0-1

[Event "Ostravský koník 2014 - FIDE Open B"]
[Site "Ostrava, CZE"]
[Date "2014.05.04"]
[Round "9"]
[White "Vyvial, Patrik"]
[Black "Sándor, Stefan"]
[Result "1-0"]
[WhiteElo "1323"]
[BlackElo "1653"]
[PlyCount "51"]

1. e4 e5 2. Bc4 Nf6 3. d3 Be7 4. Nc3 d6 5. Be3 Nc6 6. Nge2 O-O 7. O-O Na5 8.
Bb3 Nxb3 9. axb3 Be6 10. f4 exf4 11. Nxf4 Bg4 12. Qe1 a6 13. d4 c6 14. Qg3 Qd7
15. h3 Nh5 16. Qf2 Nxf4 17. Bxf4 Bh5 18. Na4 Bd8 19. e5 dxe5 20. Bxe5 f6 21.
Rae1 Ba5 22. Nc5 Bxe1 23. Qxe1 Qc8 24. Bd6 Re8 25. Qg3 Qd7 26. Nxd7 1-0